|
|
|
|
| LEADER |
00884naa a2200229 i 4500 |
| 001 |
acta86361 |
| 005 |
20250205144326.0 |
| 008 |
250205s2004 hu o 100 hun d |
| 020 |
|
|
|a 963 482 662 8
|
| 040 |
|
|
|a SZTE Egyetemi Kiadványok Repozitórium
|b hun
|
| 041 |
|
|
|a hun
|
| 100 |
1 |
|
|a Berta Árpád
|
| 245 |
1 |
0 |
|a Egy török eredetű magyar jogtörténeti terminus
|h [elektronikus dokumentum] /
|c Berta Árpád
|
| 260 |
|
|
|a SZTE Finnugor Tanszék
|b Szeged
|c 2004
|
| 300 |
|
|
|a 15-33
|
| 490 |
0 |
|
|a Mikola-konferencia
|
| 650 |
|
4 |
|a Bölcsészettudományok
|
| 650 |
|
4 |
|a Nyelvek és irodalom
|
| 695 |
|
|
|a Magyar nyelv - etimológia, Magyar nyelv - török jövevényszavak, Jogtörténet - magyar
|
| 700 |
0 |
2 |
|a Homoki-Nagy Mária
|e aut
|
| 711 |
|
|
|a Mikola-konferencia (1.)
|c Szeged
|d 2002
|
| 856 |
4 |
0 |
|u http://acta.bibl.u-szeged.hu/86361/1/2002_mikola_konferencia_015-033.pdf
|z Dokumentum-elérés
|